| 000 | 00584nam a2200181 a 4500 | ||
|---|---|---|---|
| 001 | 000040126 | ||
| 005 | 20201002033931.0 | ||
| 008 | 130808s1989 sp abc r 000 0 spa d | ||
| 020 | _a8474443385 | ||
| 040 |
_aDO-SdBNP _bspa _cBNPHU |
||
| 082 |
_axxxx _bxxxx |
||
| 100 | 1 |
_aSting _966388 |
|
| 245 | 1 | 0 |
_aAmazonia : _bla lucha por la vida / _cSting; Fotografía de Jean Pierre Dutilleux. |
| 260 |
_aBarcelona : _bFundación Selva Virgen, _c1989. |
||
| 300 |
_a125 p. : _bil., map., y retrs. ; _c29 cm. |
||
| 590 | _aInventariado, 2019/BT | ||
| 700 | 1 |
_aPierre Dutilleux, Jean, _dfot. _966389 |
|
| 999 |
_c39616 _d39616 |
||